| 000 | 01669nam a2200409 a 4500 | ||
|---|---|---|---|
| 001 | ebr10455980 | ||
| 003 | CaPaEBR | ||
| 006 | m u | ||
| 007 | cr cn||||||||| | ||
| 008 | 050606s2005 txuab sb 001 0 eng d | ||
| 010 | _z 2005016235 | ||
| 020 | _z9781585444991 | ||
| 020 | _z1585444685 (cloth : alk. paper) | ||
| 020 | _z1585444995 (pbk. : alk. paper) | ||
| 020 | _z9781603445658 (e-book) | ||
| 040 |
_aCaPaEBR _cCaPaEBR |
||
| 035 | _a(OCoLC)715188435 | ||
| 043 |
_an-usu-- _an-ust-- |
||
| 050 | 1 | 4 |
_aQL737.U55 _bF835 2006eb |
| 082 | 0 | 4 |
_a639.97/9652 _222 |
| 100 | 1 | _aFulbright, Timothy E. | |
| 245 | 1 | 0 |
_aWhite-tailed deer habitat _h[electronic resource] : _becology and management on rangelands / _cTimothy Edward Fulbright & J. Alfonso Ortega-S. |
| 250 | _a1st ed. | ||
| 260 |
_aCollege Station : _bTexas A&M University Press, _cc2005. |
||
| 300 |
_aix, 241 p. : _bill., maps. |
||
| 490 | 1 | _aPerspectives on south Texas | |
| 504 | _aIncludes bibliographical references (p. 207-234) and index. | ||
| 533 |
_aElectronic reproduction. _bPalo Alto, Calif. : _cebrary, _d2013. _nAvailable via World Wide Web. _nAccess may be limited to ebrary affiliated libraries. |
||
| 650 | 0 |
_aWhite-tailed deer _xHabitat _zSouthwestern States. |
|
| 650 | 0 |
_aRange management _zSouthwestern States. |
|
| 650 | 0 |
_aWildlife habitat improvement _zSouthwestern States. |
|
| 655 | 7 |
_aElectronic books. _2local |
|
| 700 | 1 | _aOrtega-S., J. Alfonso. | |
| 710 | 2 | _aebrary, Inc. | |
| 830 | 0 | _aPerspectives on south Texas. | |
| 856 | 4 | 0 |
_uhttp://site.ebrary.com/lib/rucke/Doc?id=10455980 _zAn electronic book accessible through the World Wide Web; click to view |
| 999 |
_c123876 _d123876 |
||